[Event "London Chess Classic: Busy Persons"]
[Site "?"]
[Date "2010.12.11"]
[Round "1"]
[White "Chidi, Lovinia Sylvia"]
[Black "Grassie, Duncan"]
[Result "1/2-1/2"]
[WhiteElo "1814"]
[BlackElo "2096"]
[PlyCount "95"]
[EventDate "2010.12.11"]

1. e4 e6 2. d4 d5 3. Nc3 Nf6 4. exd5 exd5 5. Bd3 c5 6. Nf3 Nc6 7. Bb5 a6 8.
Bxc6+ bxc6 9. O-O Bg4 10. h3 Bxf3 11. gxf3 Be7 12. Ne2 O-O 13. Ng3 Qd7 14. Kg2
cxd4 15. Qxd4 c5 16. Qd3 Bd6 17. Bg5 Be5 18. Rad1 Rfd8 19. c3 h6 20. Bc1 d4 21.
cxd4 cxd4 22. Qf5 Qd5 23. b3 d3 24. Ne4 Rac8 25. Be3 Bb2 26. Nxf6+ Bxf6 27.
Qxd5 Rxd5 28. Rc1 Rc2 29. Rfd1 Rxa2 30. Rc8+ Kh7 31. Rc7 d2 32. f4 Rd3 33. Kf3
Rxb3 34. Rxf7 Bd4 35. Ke2 Bc3 36. Rd7 Rbb2 37. Rd3 Rc2 38. Bd4 Bxd4 39. Rxd4 a5
40. Rd7 a4 41. f5 Kg8 42. f6 gxf6 43. Rg1+ Kf8 44. Rgg7 d1=Q+ 45. Kxd1 Rd2+ 46.
Ke1 Rxd7 47. Rxd7 Ra3 48. Ra7 {no more moves recorded, eventually KR v KR so ..
.} 1/2-1/2

[Event "London Chess Classic: Busy Persons"]
[Site "?"]
[Date "2010.12.11"]
[Round "1"]
[White "Kikoyo, Ali"]
[Black "Jones, Stephen A"]
[Result "1-0"]
[WhiteElo "2016"]
[BlackElo "1801"]
[PlyCount "139"]
[EventDate "2010.12.11"]

1. e4 c5 2. Nf3 Nc6 3. d4 cxd4 4. Nxd4 Nf6 5. Nc3 e5 6. Nxc6 bxc6 7. a3 Be7 8.
Bc4 O-O 9. O-O d6 10. Qe2 Be6 11. Rd1 Qb6 12. h3 a5 13. Rb1 Rad8 14. Be3 Qb7
15. Ba6 Qc7 16. b4 axb4 17. axb4 d5 18. Bc5 Bxc5 19. bxc5 Qa5 20. exd5 cxd5 21.
Rb3 d4 22. Qb5 Qxb5 23. Nxb5 Bxb3 24. cxb3 Ra8 25. Bb7 Ra5 26. Bc6 Rc8 27. b4
Ra4 28. Nxd4 Rxb4 29. Nf3 e4 30. Ne5 h6 31. Rc1 Kf8 32. Ra1 Ke7 33. Ba8 Ke6 34.
Nc6 Rc4 35. Ra6 Rc1+ 36. Kh2 Kf5 37. Ne7+ Kf4 38. Nxc8 Rxc5 39. Nd6 Rc2 40. Ra4
Rxf2 41. Bxe4 Nxe4 42. Rxe4+ Kg5 43. Rg4+ Kh5 44. Rxg7 f5 45. Kg3 Rd2 46. Ne8
Rd3+ 47. Kf4 Kh4 48. Kxf5 h5 49. g4 Rf3+ 50. Ke4 Rxh3 51. Nf6 Rg3 52. Kf4 Rg1
53. Nxh5 Rf1+ 54. Ke5 Re1+ 55. Kf5 Rf1+ 56. Nf4 Kg3 57. g5 Rxf4+ 58. Kg6 Kg4
59. Rc7 Rb4 60. Rc6 Kf4 61. Kh6 Kf5 62. g6 Rh4+ 63. Kg7 Rg4 64. Kf7 Ke5 65. g7
Rf4+ 66. Kg8 Rh4 67. Rg6 Kf5 68. Kf7 Rh7 69. Rb6 Kg5 70. Kf8 1-0

[Event "London Chess Classic: Busy Persons"]
[Site "?"]
[Date "2010.12.11"]
[Round "1"]
[White "Keuneke, Hanno"]
[Black "Mollison, Jamie"]
[Result "1/2-1/2"]
[WhiteElo "1745"]
[BlackElo "1976"]
[PlyCount "90"]
[EventDate "2010.12.11"]

1. e4 c5 2. Nf3 d6 3. d4 cxd4 4. Nxd4 Nf6 5. Nc3 a6 6. Bg5 e6 7. f4 Be7 8. Qf3
Qc7 9. O-O-O Nc6 10. Nxc6 bxc6 11. e5 Nd5 12. Bxe7 Kxe7 13. exd6+ Qxd6 14.
Nxd5+ cxd5 15. Bc4 Bb7 16. Rhe1 Rhd8 17. f5 Rab8 18. fxe6 fxe6 19. Qg4 Rf8 20.
Qxg7+ Rf7 21. Qg5+ Kd7 22. Bb3 Qf4+ 23. Qxf4 Rxf4 24. Re2 Rbf8 25. Rde1 R8f6
26. g3 Rf3 27. c4 Kd6 28. cxd5 exd5 29. Rd2 Rf1 30. Rxf1 Rxf1+ 31. Kc2 Kc5 32.
Kd3 Rf3+ 33. Ke2 d4 34. Rc2+ Kd6 35. Rc4 Re3+ 36. Kd2 Ke5 37. Rc7 Be4 38. Re7+
Kd6 39. Re6+ Kc5 40. Rxa6 Rd3+ 41. Ke1 Re3+ 42. Kd2 Rd3+ 43. Kc1 Re3 44. Ra5+
Kd6 45. Ra6+ Ke5 {no more moves recorded} 1/2-1/2

[Event "London Chess Classic: Busy Persons"]
[Site "?"]
[Date "2010.12.11"]
[Round "1"]
[White "Wadsworth, Matthew J"]
[Black "Pattni, Kishan"]
[Result "1-0"]
[WhiteElo "1889"]
[BlackElo "1714"]
[PlyCount "53"]
[EventDate "2010.12.11"]

1. c4 f5 2. g3 d6 3. Bg2 e5 4. Nc3 Nf6 5. e3 Be7 6. Nge2 O-O 7. O-O Qe8 8. d4
Nc6 9. a3 Bd8 10. b4 Ne7 11. Bb2 Qh5 12. dxe5 dxe5 13. Nd5 Ng6 14. b5 Rb8 15.
Nec3 Qh6 16. Nxf6+ Bxf6 17. Nd5 Bd8 18. f4 e4 19. Qb3 Be6 20. Rad1 Ne7 21. Be5
Nxd5 22. cxd5 Bf7 23. Qc3 Bh5 24. Rd2 Rf7 25. d6 cxd6 26. Rxd6 Bf6 27. Rxf6 1-0

[Event "London Chess Classic: Busy Persons"]
[Site "?"]
[Date "2010.12.11"]
[Round "1"]
[White "Othman, Mustapha"]
[Black "Roy, Soumen"]
[Result "1/2-1/2"]
[WhiteElo "1699"]
[BlackElo "1864"]
[PlyCount "113"]
[EventDate "2010.12.11"]

1. e4 d6 2. d4 Nf6 3. Nc3 g6 4. Bg5 Bg7 5. f4 c6 6. Qd2 b5 7. Bd3 Qb6 8. Nf3
Bg4 9. e5 dxe5 10. fxe5 Nd5 11. Nxd5 cxd5 12. Qb4 O-O 13. Bxe7 Nc6 14. Qc5 Nxe7
15. Qxe7 Bxf3 16. gxf3 Qxd4 17. O-O-O Bxe5 18. c3 Qf4+ 19. Kb1 Rfe8 20. Qb7 d4
21. Qe4 dxc3 22. Qxf4 Bxf4 23. bxc3 Rab8 24. Be4 Rec8 25. Rd3 Rc7 26. h4 Rbc8
27. Rhd1 Rxc3 28. Rxc3 Rxc3 29. Rd7 Rc7 30. Rd5 b4 31. h5 Kg7 32. hxg6 fxg6 33.
Bc2 g5 34. Rb5 h5 35. Rxb4 h4 36. Bf5 Kf6 37. Bg4 Ke5 38. Re4+ Kd5 39. Bf5 Rc3
40. Re7 a5 41. Rd7+ Kc5 42. Bg4 a4 43. Kb2 Be5 44. Rc7+ Bxc7 45. Kxc3 Be5+ 46.
Kd3 Kd5 47. Ke2 a3 48. Kf1 Kd4 49. Kg2 Ke3 50. Bh5 Kf4 51. Kh3 Ke3 52. Bg4 Kf2
53. Bh5 Ke2 {The scoresheet really says this, but 54. f4+ didn't follow. Was
it 53. ... Ke1?} 54. Bg4 Kd2 55. Bh5 Kc1 56. Bf7 Bg3 57. Bb3 1/2-1/2

[Event "London Chess Classic: Busy Persons"]
[Site "?"]
[Date "2010.12.11"]
[Round "1"]
[White "Ponting, Andrew"]
[Black "Banda, Graham"]
[Result "1-0"]
[WhiteElo "1860"]
[BlackElo "1640"]
[PlyCount "63"]
[EventDate "2010.12.11"]

1. e4 c5 2. Nf3 d6 3. d4 cxd4 4. Nxd4 a6 5. Be3 Nf6 6. Nc3 e5 7. Nb3 Be6 8. Qd2
Be7 9. f3 O-O 10. O-O-O Nbd7 11. g4 b5 12. g5 Nh5 13. h4 Rc8 14. Bh3 Nb6 15.
Bxb6 Qxb6 16. Nd5 Bxd5 17. Bxc8 Bxb3 18. Bg4 Bxc2 19. Kxc2 Nf4 20. Kb1 a5 21.
Rc1 Rd8 22. Rc8 b4 23. Rhc1 Ne6 24. Bxe6 fxe6 25. Rxd8+ Qxd8 26. Qc2 Kf7 27.
Qc7 Qa8 28. Qb6 Kg6 29. Rc7 Qf8 30. Qc6 h6 31. Qd7 Qxf3 32. Qe8+ 1-0

[Event "London Chess Classic: Busy Persons"]
[Site "?"]
[Date "2010.12.11"]
[Round "1"]
[White "Keuneke, Tobias"]
[Black "Andreev, Peter"]
[Result "0-1"]
[WhiteElo "1560"]
[BlackElo "1864"]
[PlyCount "62"]
[EventDate "2010.12.11"]

1. e4 c5 2. Nf3 Nc6 3. d4 cxd4 4. Nxd4 Nf6 5. Nc3 e5 6. Nxc6 bxc6 7. Bd3 Bb4 8.
a3 Bc5 9. Qe2 O-O 10. O-O Re8 11. Na4 Bf8 12. c4 d5 13. cxd5 cxd5 14. exd5 Nxd5
15. Be4 f5 16. Bxd5+ Qxd5 17. Rd1 Qc6 18. Nc3 Ba6 19. Qf3 Qxf3 20. gxf3 f4 21.
b4 Rac8 22. Bb2 Re6 23. b5 Bb7 24. Ne4 Rc2 25. Rd2 Bxe4 26. Rxc2 Bxc2 27. Rc1
Ba4 28. Rc7 Bxb5 29. Rxa7 Rg6+ 30. Kh1 Be2 31. h3 Bxf3+ 0-1

[Event "London Chess Classic: Busy Persons"]
[Site "?"]
[Date "2010.12.11"]
[Round "2"]
[White "Andreev, Peter"]
[Black "Kikoyo, Ali"]
[Result "0-1"]
[WhiteElo "1864"]
[BlackElo "2016"]
[PlyCount "76"]
[EventDate "2010.12.11"]

1. e4 e5 2. Nf3 Nf6 3. Nxe5 Qe7 4. d4 Nc6 5. Nxc6 Qxe4+ 6. Be2 dxc6 7. O-O Bd6
8. Bf3 Qg6 9. Re1+ Be6 10. c4 O-O 11. Nc3 Bxc4 12. Ne4 Bd5 13. Nxd6 Bxf3 14.
Qxf3 cxd6 15. Bf4 Nd5 16. Bg3 Rfe8 17. Rxe8+ Rxe8 18. Qa3 Qc2 19. Rf1 h6 20.
Bxd6 a6 21. Bg3 Re2 22. Qd6 Qxb2 23. Qd8+ Kh7 24. Qd7 Re7 25. Qf5+ g6 26. Qg4
Qxa2 27. Bd6 Qe2 28. Qc8 Qe6 29. Qb8 Rd7 30. Be5 f6 31. Bg3 g5 32. f3 Re7 33.
Qf8 Qf7 34. Qc8 Kg7 35. h4 Qe6 36. Qa8 Qd7 37. hxg5 hxg5 38. Rb1 Nc3 0-1

[Event "London Chess Classic: Busy Persons"]
[Site "?"]
[Date "2010.12.11"]
[Round "2"]
[White "Mollison, Jamie"]
[Black "Chidi, Lovinia Sylvia"]
[Result "1-0"]
[WhiteElo "1976"]
[BlackElo "1814"]
[PlyCount "83"]
[EventDate "2010.12.11"]

1. b3 d5 2. Bb2 Nf6 3. e3 e6 4. f4 b6 5. Nf3 Bb7 6. Bb5+ c6 7. Be2 Nbd7 8. O-O
Qc7 9. a4 a5 10. Ne5 Bd6 11. d4 Ne4 12. Bd3 Ndf6 13. Nd2 Nxd2 14. Qxd2 Ne4 15.
Bxe4 dxe4 16. c4 f6 17. Ng4 Bb4 18. Qc2 h5 19. Nf2 f5 20. Nh3 Be7 21. Rac1 Bf6
22. Rfd1 O-O-O 23. Ba3 c5 24. dxc5 bxc5 25. Rxd8+ Rxd8 26. Rd1 e5 27. Bb2 Rxd1+
28. Qxd1 exf4 29. Bxf6 gxf6 30. Nxf4 Qe5 31. h3 h4 32. Qc2 Bc6 33. Kf2 Kb7 34.
Ne2 Be8 35. Qc3 Kb6 36. Qxe5 fxe5 37. g3 hxg3+ 38. Kxg3 Bh5 39. Nc3 Kc6 40. Kh4
f4 41. Kxh5 f3 42. Nxe4 1-0

[Event "London Chess Classic: Busy Persons"]
[Site "?"]
[Date "2010.12.11"]
[Round "2"]
[White "Roy, Soumen"]
[Black "Keuneke, Hanno"]
[Result "1-0"]
[WhiteElo "1864"]
[BlackElo "1745"]
[PlyCount "65"]
[EventDate "2010.12.11"]

1. d4 Nf6 2. c4 g6 3. Nc3 Bg7 4. e4 d6 5. Be2 O-O 6. Nf3 e5 7. O-O exd4 8. Nxd4
Nbd7 9. Bg5 h6 10. Bh4 g5 11. Bg3 Nc5 12. f3 a5 13. Bf2 Nh5 14. Nd5 c6 15. Ne3
Nf4 16. Nef5 Bxf5 17. Nxf5 Bxb2 18. Rb1 Qf6 19. Nxh6+ Qxh6 20. Rxb2 Qf6 21. Rd2
Nxe2+ 22. Qxe2 Rad8 23. Bd4 Qe7 24. Qf2 Na4 25. Qe3 c5 26. Ba1 Nb6 27. f4 d5
28. cxd5 Nxd5 29. Qh3 Nf6 30. Rxd8 Qxd8 31. fxg5 Nh7 32. g6 fxg6 33. Qe6+ 1-0

[Event "London Chess Classic: Busy Persons"]
[Site "?"]
[Date "2010.12.11"]
[Round "2"]
[White "Kamis, Kamarunsalehin"]
[Black "Othman, Mustapha"]
[Result "1-0"]
[WhiteElo "1825"]
[BlackElo "1699"]
[PlyCount "81"]
[EventDate "2010.12.11"]

1. d4 Nf6 2. c4 g6 3. Nc3 Bg7 4. e4 d6 5. Nf3 O-O 6. Be2 Nbd7 7. O-O c5 8. d5
Re8 9. Re1 a6 10. a4 b6 11. Bd3 Ng4 12. h3 Nge5 13. Nxe5 Nxe5 14. f4 Nxd3 15.
Qxd3 Ra7 16. Qf3 e6 17. Be3 exd5 18. Nxd5 Be6 19. Red1 Bxb2 20. Rab1 Bxd5 21.
Rxd5 Bg7 22. Rbd1 Rd7 23. e5 Re6 24. a5 Qc7 25. Qf2 bxa5 26. Bxc5 Qc6 27. Rxd6
Rdxd6 28. Rxd6 Rxd6 29. exd6 g5 30. g3 gxf4 31. gxf4 a4 32. f5 Bf6 33. Qg2+
Qxg2+ 34. Kxg2 Be5 35. d7 Bf6 36. Ba3 Bd8 37. c5 Kg7 38. c6 Kf6 39. Bd6 a3 40.
c7 Kxf5 41. cxd8=Q 1-0

[Event "London Chess Classic: Busy Persons"]
[Site "?"]
[Date "2010.12.11"]
[Round "2"]
[White "Jones, Stephen A"]
[Black "Banda, Graham"]
[Result "1-0"]
[WhiteElo "1801"]
[BlackElo "1640"]
[PlyCount "85"]
[EventDate "2010.12.11"]

1. Nf3 d5 2. c4 d4 3. b4 Bg4 4. Ne5 Bf5 5. Qa4+ Bd7 6. Qb3 e6 7. Bb2 f6 8. Nf3
e5 9. e3 a5 10. a3 c5 11. b5 e4 12. Ng1 Qb6 13. Ne2 a4 14. Qd1 Bg4 15. exd4
cxd4 16. Bxd4 Bc5 17. Be3 Ne7 18. Nbc3 Bxe3 19. dxe3 O-O 20. Qd4 Qa5 21. Rc1 f5
22. Qe5 Ng6 23. Qe6+ Kh8 24. h3 Bxe2 25. Bxe2 Qc7 26. O-O Nd7 27. Nd5 {(=)} Qd8
28. Qd6 Nde5 29. Qxd8 Raxd8 30. Rfd1 Nd7 31. c5 Rc8 32. Nb6 Nxb6 33. cxb6 Ne5
34. Rxc8 Rxc8 35. Rd4 g5 36. Rxa4 Rc2 37. Bf1 g4 38. hxg4 Nxg4 39. Ra8+ Kg7 40.
Rb8 Nxf2 41. Rxb7+ Kg6 42. Rc7 Nh3+ 43. gxh3 1-0

[Event "London Chess Classic: Busy Persons"]
[Site "?"]
[Date "2010.12.11"]
[Round "2"]
[White "Pattni, Kishan"]
[Black "Keuneke, Tobias"]
[Result "0-1"]
[WhiteElo "1714"]
[BlackElo "1560"]
[PlyCount "102"]
[EventDate "2010.12.11"]

1. f4 b6 2. e3 Bb7 3. Nf3 Nf6 4. d3 e6 5. Be2 d5 6. O-O Nc6 7. a3 Bd6 8. Qe1
Qd7 9. b4 O-O-O 10. Bd2 Rde8 11. d4 Ne4 12. b5 Nd8 13. a4 c6 14. c4 c5 15. Ne5
Qc7 16. a5 f6 17. axb6 axb6 18. Nf3 e5 19. fxe5 fxe5 20. dxc5 Bxc5 21. cxd5
Bxd5 22. Bd3 Nxd2 23. Nfxd2 e4 24. Bc2 Bd6 25. Qd1 Bxh2+ 26. Kh1 Re6 27. Rf5
Be5 28. Ra4 Rh6+ 29. Kg1 Be6 30. Bxe4 Bxf5 31. Rc4 Nc6 32. Bxf5+ Kb8 33. Rxc6
Rxc6 34. bxc6 Qxc6 35. Qb3 Rf8 36. Bc2 Qf6 37. Nf3 g5 38. Qa4 h5 39. Be4 g4 40.
Qa8+ Kc7 41. Qb7+ Kd8 42. Qa8+ Kc7 43. Qb7+ Kd8 44. Bc6 Bc7 45. Qa8+ Ke7 46.
Qa3+ Kd8 47. Qd3+ Kc8 48. Bd7+ Kb8 49. Nfd2 Qf2+ 50. Kh1 Qe1+ 51. Nf1 Rxf1+ 0-1

[Event "London Chess Classic: Busy Persons"]
[Site "?"]
[Date "2010.12.11"]
[Round "3"]
[White "Wall, Gavin"]
[Black "Kikoyo, Ali"]
[Result "1-0"]
[WhiteElo "2325"]
[BlackElo "2016"]
[PlyCount "63"]
[EventDate "2010.12.11"]

1. e4 e5 2. Nf3 Nc6 3. Bc4 Bc5 4. c3 Qe7 5. d4 exd4 6. O-O Ne5 7. Nxe5 Qxe5 8.
b4 Bb6 9. Qb3 Qh5 10. Bb2 Nh6 11. cxd4 O-O 12. Qd3 d6 13. Nc3 c6 14. h3 Bd7 15.
b5 Rac8 16. bxc6 bxc6 17. d5 Qg6 18. dxc6 Bxc6 19. Rad1 Rfe8 20. Bd5 Re5 21.
Qa6 Bd7 22. Ne2 Re7 23. Rd3 Qh5 24. Rg3 g6 25. Bf6 Nf5 26. Rg5 Qh6 27. exf5 Re5
28. Bb3 Ra5 29. Qd3 Bxf5 30. Qxd6 Bc5 31. Qf4 Bd3 32. Bc3 1-0

[Event "London Chess Classic: Busy Persons"]
[Site "?"]
[Date "2010.12.11"]
[Round "3"]
[White "Roy, Soumen"]
[Black "Mollison, Jamie"]
[Result "1/2-1/2"]
[WhiteElo "1864"]
[BlackElo "1976"]
[PlyCount "77"]
[EventDate "2010.12.11"]

1. d4 e6 2. c4 Nf6 3. Nc3 Bb4 4. Nf3 h6 5. e3 Bxc3+ 6. bxc3 d6 7. Bd3 Nc6 8.
O-O O-O 9. e4 e5 10. h3 b6 11. Be3 Qe7 12. Re1 Ba6 13. Nd2 Nd7 14. Qg4 Nf6 15.
Qg3 Kh7 16. d5 Na5 17. f4 Nd7 18. Qf2 Kg8 19. f5 Kh7 20. g4 f6 21. h4 Rh8 22.
Qg2 Qf7 23. g5 fxg5 24. hxg5 hxg5 25. Qxg5 Qf6 26. Qg4 Nc5 27. Be2 Kg8 28. Bg5
Qf7 29. Kg2 Nd7 30. Rh1 Nf6 31. Rxh8+ Kxh8 32. Rh1+ Kg8 33. Qh4 Kf8 34. Bxf6
gxf6 35. Kf2 Ke7 36. Bh5 Qh7 37. Bg6 Qxh4+ 38. Rxh4 Rf8 39. Rh7+ 1/2-1/2

[Event "London Chess Classic: Busy Persons"]
[Site "?"]
[Date "2010.12.11"]
[Round "3"]
[White "Ponting, Andrew"]
[Black "Jones, Stephen A"]
[Result "1-0"]
[WhiteElo "1860"]
[BlackElo "1801"]
[PlyCount "69"]
[EventDate "2010.12.11"]

1. d4 Nf6 2. c4 e6 3. Nc3 Bb4 4. Bg5 c5 5. d5 h6 6. Bh4 Bxc3+ 7. bxc3 d6 8. f3
e5 9. e3 Qa5 10. Qc2 Nbd7 11. Bd3 b5 12. Rb1 a6 13. Ne2 Bb7 14. Bf5 Nb6 15.
Bxf6 gxf6 16. Bd3 Bc8 17. Qb3 Nxc4 18. Bxc4 bxc4 19. Qxc4 Bd7 20. Rb2 Ke7 21.
Ng3 Rab8 22. Rxb8 Rxb8 23. O-O Bb5 24. Qb3 Qb6 25. Nf5+ Kd7 26. Rb1 c4 27. Qb2
Qa5 28. Qb4 Qxb4 29. Rxb4 a5 30. Rb2 Rb7 31. Nxh6 Ba6 32. Rxb7+ Bxb7 33. e4 Ke7
34. Nf5+ Kd7 35. h4 1-0

[Event "London Chess Classic: Busy Persons"]
[Site "?"]
[Date "2010.12.11"]
[Round "3"]
[White "Keuneke, Tobias"]
[Black "Kamis, Kamarunsalehin"]
[Result "0-1"]
[WhiteElo "1560"]
[BlackElo "1825"]
[PlyCount "56"]
[EventDate "2010.12.11"]

1. e4 c5 2. Nf3 Nc6 3. d4 cxd4 4. Nxd4 Nf6 5. Nc3 d6 6. Be2 e5 7. Ndb5 a6 8.
Na3 b5 9. Nd5 Nxe4 10. c4 Be6 11. cxb5 Nd4 12. Bc4 axb5 13. Nxb5 Bxd5 14. Bxd5
Qa5+ 15. Bd2 Nxd2 16. Qxd2 Nc2+ 17. Kd1 Nxa1 18. Bxa8 Qxb5 19. Qc3 Qa4+ 20. Kd2
Qxa8 21. Rxa1 Be7 22. b4 O-O 23. b5 Rc8 24. Qd3 Qxg2 25. Ke2 Bh4 26. Qf5 Rc4
27. Kd3 Qd5+ 28. Ke3 Qd4+ 0-1

[Event "London Chess Classic: Busy Persons"]
[Site "?"]
[Date "2010.12.11"]
[Round "3"]
[White "Othman, Mustapha"]
[Black "Andreev, Peter"]
[Result "0-1"]
[WhiteElo "1699"]
[BlackElo "1864"]
[PlyCount "112"]
[EventDate "2010.12.11"]

1. e4 c5 2. Nf3 Nc6 3. c3 Nf6 4. Qc2 e5 5. Bc4 Be7 6. O-O O-O 7. a4 a6 8. d3
Rb8 9. Nbd2 b5 10. axb5 axb5 11. Bd5 Qc7 12. Re1 d6 13. Nf1 Nxd5 14. exd5 Nd8
15. Ng3 f5 16. Bg5 Bxg5 17. Nxg5 h6 18. Nf3 c4 19. dxc4 bxc4 20. Nh4 f4 21. Ne4
Nf7 22. Ra4 Ng5 23. Nd2 Rb5 24. Nxc4 Rxd5 25. Nd2 Qd7 26. f3 Rxd2 27. Qxd2 Qxa4
28. Qxd6 Nf7 29. Qd5 Rd8 30. Qc5 Ba6 31. Ng6 Rd1 32. Ne7+ Kh7 33. Qf2 Rxe1+ 34.
Qxe1 Qd7 35. Qe4+ Kh8 36. Qa8+ Qd8 37. Ng6+ Kh7 38. Qxa6 Qd1+ 39. Kf2 Qd2+ 40.
Qe2 Qxe2+ 41. Kxe2 Kxg6 42. Kd3 Kf5 43. b4 Nd6 44. c4 g5 45. c5 Nb7 46. c6 Nd6
47. c7 Ke6 48. b5 Kd7 49. b6 Kc8 50. Kc3 Kb7 51. Kd3 Kxb6 52. c8=Q Nxc8 53. Ke4
Kc5 54. Kxe5 Ne7 55. h3 Kc4 56. Kf6 Kd3 0-1

[Event "London Chess Classic: Busy Persons"]
[Site "?"]
[Date "2010.12.11"]
[Round "3"]
[White "Chidi, Lovinia Sylvia"]
[Black "Pattni, Kishan"]
[Result "0-1"]
[WhiteElo "1814"]
[BlackElo "1714"]
[PlyCount "74"]
[EventDate "2010.12.11"]

1. e4 e5 2. Nf3 d6 3. d4 exd4 4. Nxd4 Nf6 5. Nc3 Be7 6. Be2 O-O 7. O-O c6 8.
Be3 d5 9. exd5 Nxd5 10. Nxd5 Qxd5 11. c4 Qa5 12. Nb3 Qc7 13. Qc2 Bd6 14. g3 Bh3
15. c5 Be5 16. Rfe1 Re8 17. Bf3 Nd7 18. Bg2 Be6 19. Nd4 Nf6 20. Rad1 Ng4 21.
Nf3 Nxe3 22. Rxe3 Bf6 23. b3 Bd5 24. Rde1 Rxe3 25. Rxe3 g6 26. h4 Rd8 27. Qe2
Kf8 28. Ng5 Bxg5 29. hxg5 Bxg2 30. Kxg2 Qd7 31. f4 Qd5+ 32. Kh3 Qxc5 33. Re5
Qg1 34. Re3 Qh1+ 35. Qh2 Qxh2+ 36. Kxh2 Rd2+ 37. Kh3 Rxa2 0-1

[Event "London Chess Classic: Busy Persons"]
[Site "?"]
[Date "2010.12.12"]
[Round "4"]
[White "Kikoyo, Ali"]
[Black "Ponting, Andrew"]
[Result "1-0"]
[WhiteElo "2016"]
[BlackElo "1860"]
[PlyCount "65"]
[EventDate "2010.12.11"]

1. e4 c5 2. Nf3 Nc6 3. d4 cxd4 4. Nxd4 Nf6 5. Nc3 e5 6. Nxc6 bxc6 7. Bc4 Bb4 8.
Qd3 d5 9. exd5 cxd5 10. Bb5+ Bd7 11. Bg5 Qa5 12. Bxd7+ Nxd7 13. O-O Bxc3 14.
bxc3 f6 15. Bd2 Qc5 16. Qf5 Qc6 17. Qh5+ g6 18. Qh6 Qc5 19. Rab1 Qf8 20. Qh3
Qd6 21. Rb7 h5 22. Qd3 e4 23. Qb5 Rh7 24. c4 d4 25. c5 Qd5 26. c4 dxc3 27. Bxc3
a6 28. Qb1 Re7 29. Rd1 Qc4 30. Rb4 Rf7 31. Rc1 Qd3 32. Qxd3 exd3 33. Re1+ 1-0

[Event "London Chess Classic: Busy Persons"]
[Site "?"]
[Date "2010.12.12"]
[Round "4"]
[White "Andreev, Peter"]
[Black "Roy, Soumen"]
[Result "1-0"]
[WhiteElo "1864"]
[BlackElo "1864"]
[PlyCount "57"]
[EventDate "2010.12.11"]

1. e4 d6 2. d4 Nf6 3. Nc3 g6 4. Bg5 c6 5. f4 Bg7 6. Nf3 b5 7. e5 dxe5 8. dxe5
Nfd7 9. a4 b4 10. Ne4 O-O 11. Bc4 Ba6 12. Bxa6 Nxa6 13. Qd3 Nc7 14. O-O-O Nd5
15. Nd4 Qb6 16. Nxc6 Qxc6 17. Qxd5 Qxa4 18. Bxe7 Rfc8 19. b3 Qa3+ 20. Kb1 Nb6
21. Qb5 Bf8 22. Nf6+ Kg7 23. Bxf8+ Kxf8 24. Nxh7+ Kg7 25. Ng5 Rab8 26. Rd7 Nc4
27. Rxf7+ Kg8 28. Rg7+ Kf8 29. Ne6# 1-0

[Event "London Chess Classic: Busy Persons"]
[Site "?"]
[Date "2010.12.12"]
[Round "4"]
[White "Jones, Stephen A"]
[Black "Wadsworth, Matthew J"]
[Result "1/2-1/2"]
[WhiteElo "1801"]
[BlackElo "1889"]
[PlyCount "120"]
[EventDate "2010.12.11"]

1. e4 Nf6 2. e5 Nd5 3. d4 d6 4. c4 Nb6 5. exd6 exd6 6. Nc3 Be7 7. Bd3 Bf6 8.
Nge2 O-O 9. O-O Nc6 10. Bc2 Re8 11. Ne4 Bf5 12. Nxf6+ Qxf6 13. Bxf5 Qxf5 14. b3
d5 15. c5 Nd7 16. a3 a5 17. Nc3 Nf6 18. Nb5 Rac8 19. f3 Qd7 20. Qd3 Ne7 21. Bg5
Qf5 22. Qd2 h6 23. Bf4 g5 24. Be5 Ng6 25. Bxc7 Qd7 26. Qxa5 Re2 27. Bg3 Nh5 28.
Nd6 Ngf4 29. Rf2 Rf8 30. Qb5 Qe6 31. Bxf4 Nxf4 32. Raf1 Qe3 33. Nf5 Qe6 34. Ng3
Re3 35. Qxb7 h5 36. Qb6 h4 37. Qxe6 fxe6 38. Nh1 Ne2+ 39. Rxe2 Rxe2 40. b4 Ra2
41. b5 Rxa3 42. Nf2 Rb3 43. b6 e5 44. dxe5 Rc8 45. Rc1 Rxb6 46. Ng4 Rbc6 47.
Nf6+ Kf7 48. Nxd5 Rxc5 49. Rxc5 Rxc5 50. Ne3 Rxe5 51. Kf2 Kg6 52. g3 h3 53. g4
Rb5 54. Kg3 Rb3 55. Nf5 Kf6 56. Nd4 Rd3 57. Ne2 Rd2 58. Kf2 Ke5 59. Ke3 Ra2 60.
Kf2 Rb2 1/2-1/2

[Event "London Chess Classic: Busy Persons"]
[Site "?"]
[Date "2010.12.12"]
[Round "4"]
[White "Pattni, Kishan"]
[Black "Keuneke, Hanno"]
[Result "1-0"]
[WhiteElo "1714"]
[BlackElo "1745"]
[PlyCount "41"]
[EventDate "2010.12.11"]

1. f4 Nf6 2. Nf3 g6 3. d3 Bg7 4. e4 d6 5. Be2 O-O 6. O-O c5 7. Qe1 Nc6 8. Qh4
h6 9. f5 g5 10. Nxg5 hxg5 11. Bxg5 Nh7 12. Bh6 e6 13. f6 Nxf6 14. Bxg7 Nh7 15.
Qg3 Qg5 16. Qxg5 Nxg5 17. Bxf8 Kxf8 18. Bh5 Nd4 19. Na3 e5 20. h4 Ne2+ 21. Bxe2
1-0

[Event "London Chess Classic: Busy Persons"]
[Site "?"]
[Date "2010.12.12"]
[Round "4"]
[White "Banda, Graham"]
[Black "Keuneke, Tobias"]
[Result "0-1"]
[WhiteElo "1640"]
[BlackElo "1560"]
[PlyCount "68"]
[EventDate "2010.12.11"]

1. e4 c6 2. d4 d5 3. e5 Bf5 4. Nf3 e6 5. c4 Qa5+ 6. Bd2 Bb4 7. Nc3 Ne7 8. a3
Bxc3 9. Bxc3 Qc7 10. Rc1 dxc4 11. Bxc4 O-O 12. Bb4 Re8 13. Bd6 Qd7 14. O-O Be4
15. Ng5 Bg6 16. h4 h6 17. h5 Bh7 18. Nxh7 Kxh7 19. Qd3+ Kg8 20. Ba2 Nf5 21. Bb1
g6 22. Bxb8 Raxb8 23. hxg6 fxg6 24. g4 Nh4 25. Qe3 Qg7 26. f4 Kh8 27. Qh3 g5
28. Rc3 Rbd8 29. fxg5 Qxg5 30. Rf7 Rxd4 31. Rh7+ Kg8 32. Qf1 Qxg4+ 33. Rg3
Qxg3+ 34. Kh1 Rd1 0-1

[Event "London Chess Classic: Busy Persons"]
[Site "?"]
[Date "2010.12.12"]
[Round "4"]
[White "Othman, Mustapha"]
[Black "Chidi, Lovinia Sylvia"]
[Result "0-1"]
[WhiteElo "1699"]
[BlackElo "1814"]
[PlyCount "85"]
[EventDate "2010.12.11"]

1. e4 c5 2. Nf3 d6 3. d4 cxd4 4. Nxd4 Nf6 5. Nc3 a6 6. Bc4 e6 7. Bb3 Be7 8. f4
Qc7 9. O-O Nc6 10. Be3 Nxd4 11. Bxd4 e5 12. Be3 O-O 13. Nd5 Nxd5 14. exd5 f6
15. a4 Bd7 16. a5 Qc8 17. fxe5 fxe5 18. Qd2 Bg4 19. Rxf8+ Bxf8 20. Rf1 Qd7 21.
Qb4 Bh5 22. Ba4 Qe7 23. Rf5 Bg6 24. Bg5 Qc7 25. Rf2 Rc8 26. Qg4 Qc4 27. Qe6+
Kh8 28. Bc6 Rb8 29. Bxb7 Qd4 30. c3 Qa7 31. Qd7 h6 32. Bd8 Rxb7 33. Bb6 Rxd7
34. Rxf8+ Kh7 35. Bxa7 Rxa7 36. Rd8 Rb7 37. Rxd6 Rxb2 38. Rxa6 Rc2 39. Rc6 e4
40. a6 e3 41. h3 Be4 42. Re6 Rxg2+ 43. Kf1 {no more moves recorded -
eventually reduced to K v K+g+h, and mate on g3.} 0-1

[Event "London Chess Classic: Busy Persons"]
[Site "?"]
[Date "2010.12.12"]
[Round "5"]
[White "Grassie, Duncan"]
[Black "Kikoyo, Ali"]
[Result "1-0"]
[WhiteElo "2096"]
[BlackElo "2016"]
[PlyCount "100"]
[EventDate "2010.12.11"]

1. d4 Nf6 2. Bg5 e6 3. e4 h6 4. Bxf6 Qxf6 5. Qd2 Nc6 6. e5 Qg6 7. f4 Qe4+ 8.
Ne2 Nb4 9. Na3 Be7 10. Rg1 Nd5 11. Nb5 Bb4 12. c3 Ba5 13. O-O-O a6 14. Na3 b5
15. g4 Qe3 16. Bg2 Qxd2+ 17. Rxd2 Bb7 18. Nc2 O-O-O 19. Rd3 d6 20. Ne3 Nxe3 21.
Bxb7+ Kxb7 22. Rxe3 Bb6 23. exd6 Rxd6 24. b4 c6 25. f5 Bc7 26. Nf4 Bd8 27. Kc2
Bg5 28. Re4 exf5 29. gxf5 Rf6 30. Re7+ Kb8 31. Nd3 Rxf5 32. Re5 Rf3 33. Re2 Kc7
34. h4 Bf6 35. Nc5 g5 36. hxg5 hxg5 37. Nxa6+ Kd6 38. Nc5 Kd5 39. Ne4 Bd8 40.
Nxg5 Rf5 41. Ne4 Rh4 42. Nc5 Rh3 43. Rg8 Bh4 44. Kb3 Rff3 45. Re5+ Kd6 46. Ne4+
Kc7 47. Ra8 f5 48. Nc5 Rxc3+ 49. Kb2 Rce3 {Rce3 or Rhe3 not specified} 50. Ra7+
Kc8 {no more moves recorded} 1-0

[Event "London Chess Classic: Busy Persons"]
[Site "?"]
[Date "2010.12.12"]
[Round "5"]
[White "Roy, Soumen"]
[Black "Kamis, Kamarunsalehin"]
[Result "0-1"]
[WhiteElo "1864"]
[BlackElo "1825"]
[PlyCount "90"]
[EventDate "2010.12.11"]

1. d4 d5 2. c4 c6 3. Nc3 Nf6 4. Nf3 e6 5. e3 Nbd7 6. Bd3 Be7 7. O-O O-O 8. e4
dxc4 9. Bxc4 b5 10. Bb3 b4 11. e5 bxc3 12. exf6 Bxf6 13. bxc3 Qc7 14. Ba3 Rd8
15. Qe2 a5 16. Rfe1 c5 17. Rac1 Bb7 18. Qd3 Qf4 19. Rcd1 Rac8 20. Bc1 Qg4 21.
h3 Qh5 22. Bf4 c4 23. Bxc4 Bxf3 24. gxf3 Qxh3 25. Bb5 Nf8 26. Bg3 Rd5 27. Be5
Bxe5 28. Rxe5 Ng6 29. Qf1 Qxf1+ 30. Bxf1 Nxe5 31. f4 Ng6 32. c4 Rf5 33. d5 Rxf4
34. d6 Ne5 35. d7 Rd8 36. c5 Nf3+ 37. Kg2 Rd4 38. Rb1 {does c6 work here?} Nd2
39. Rb5 Nxf1 40. c6 Rc4 41. Kxf1 Rxc6 42. Rxa5 Rc7 43. a4 Rcxd7 44. Rc5 g6 45.
a5 Ra8 0-1